| 000 | 01288cam a22003497a 4500 | ||
|---|---|---|---|
| 005 | 20220329141204.0 | ||
| 008 | 971010s1978 r 00010 d | ||
| 010 | _a64073 | ||
| 011 | _a65045 | ||
| 035 | _a71205 | ||
| 090 | _aS504 | ||
| 090 | _aTesis | ||
| 100 | 0 | 0 |
_aSalcedo Baca, Ramés. _9101494 |
| 245 | 0 | _aInteracción toro por nivel de producción y prueba de progenie de toros Holstein para producción de leche | |
| 260 |
_aChapingo. Méx. : _bEl autor, _c1978 |
||
| 300 | _a105 h. | ||
| 502 | _aTesis (Ing. Agrónomo Esp. en Zootecnia) -- UACH. Departamento de Zootecnia | ||
| 590 |
_aALEPH _b10 _c20130110 _lUCH01 _h1349 |
||
| 590 |
_aBATCH-UPD _b10 _c20130110 _lUCH01 _h0016 |
||
| 590 |
_aBATCH-UPD _b10 _c20130110 _lUCH01 _h1959 |
||
| 590 |
_aBATCH-UPD _b10 _c20130409 _lUCH01 _h1954 |
||
| 590 |
_aBATCH-UPD _b10 _c20130410 _lUCH01 _h1319 |
||
| 590 |
_aBATCH-UPD _b10 _c20130914 _lUCH01 _h1512 |
||
| 590 |
_aCONVERSION _b10 _c20130109 _lUCH01 _h1335 |
||
| 650 | 1 | 4 |
_aGanado Holstein _xMorelos. _945139 |
| 650 | 1 | 4 |
_aGanado Holstein _xPuebla. _945143 |
| 650 | 1 | 4 |
_aLeche _xProducción. _965400 |
| 710 | 0 |
_aUACH. Departamento de Zootecnia. _9115904 |
|
| 901 | _aBK | ||
| 949 |
_aS504 _bZ _cTESBD _d-3806 _eTS1 _h644 _i71205 _si |
||
| 949 |
_aS504 _bZ _cTESBD _d-84088 _eTS2 _fc.2 _h645 _i71205 _si |
||
| 999 |
_c64073 _d64073 |
||